Vice Presidents of Indonesia - Statistics

General Stats
  • This quiz has been taken 42 times
  • The average score is 10 of 13
Answer Stats
Term Vice President % Correct
1945-1956 Mohammad Hatta
100%
2019- Ma'ruf Amin
88%
1998-1999 B. J. Habibie
83%
2004-2009 Jusuf Kalla
83%
2014-2019 Jusuf Kalla
83%
1978-1983 Adam Malik Batubara
79%
1973-1978 Sri Sultan Hamengkubuwono IX
79%
2009-2014 Boediono
75%
2001-2004 Hamzah Haz
67%
1999-2001 Megawati Sukarnoputri
67%
1993-1998 Try Sutrisno
67%
1988-1993 Sudharmono
58%
1983-1988 Umar Wirahadikusumah
58%
No matching quizzes found
Score Distribution
Percent of People with Each Score
Percentile by Number Answered
Your Score History
You have not taken this quiz